ბათუმის შოთა რუსთაველის სახელმწიფო უნივერსიტეტის ბიბლიოთეკა

მშობლიური სახელები (ბიბ.ჩანაწერი № 50053)

000 -LEADER
fixed length control field 00911nam a2200253Ia 4500
001 - CONTROL NUMBER
control field 16991
003 - CONTROL NUMBER IDENTIFIER
control field GE_BSU
008 - FIXED-LENGTH DATA ELEMENTS--GENERAL INFORMATION
fixed length control field 181216s||||||||xx |||||||||||||| ||und||
040 ## - CATALOGING SOURCE
Transcribing agency GE_BSU
080 ## - UNIVERSAL DECIMAL CLASSIFICATION NUMBER
Universal Decimal Classification number 821.353.1.09
100 ## - MAIN ENTRY--PERSONAL NAME
Personal name ბერულავა, ხუტა
245 ## - TITLE STATEMENT
Title მშობლიური სახელები
245 ## - TITLE STATEMENT
Remainder of title წერილები
245 ## - TITLE STATEMENT
Statement of responsibility, etc. რედ.ნ.გიორგობიანი
250 ## - EDITION STATEMENT
Edition statement მე-2 შევსებ. და გადამუშ. გამოც
260 ## - PUBLICATION, DISTRIBUTION, ETC.
Place of publication, distribution, etc. თბილისი
260 ## - PUBLICATION, DISTRIBUTION, ETC.
Name of publisher, distributor, etc. განათლება
260 ## - PUBLICATION, DISTRIBUTION, ETC.
Date of publication, distribution, etc. 1979
300 ## - PHYSICAL DESCRIPTION
Extent 511გვ. ; 20სმ
653 ## - INDEX TERM--UNCONTROLLED
Uncontrolled term მშობლიური სახელები
653 ## - INDEX TERM--UNCONTROLLED
Uncontrolled term ქართული ლიტერატურის ისტორია და კრიტიკა;
653 ## - INDEX TERM--UNCONTROLLED
Uncontrolled term წერილები
942 ## - ADDED ENTRY ELEMENTS (KOHA)
Koha item type წიგნი
ეგზემპლარები
Withdrawn status Lost status Damaged status Not for loan Date acquired Barcode Date last seen Price effective from Koha item type
        2018-12-17 21775 2018-12-17 2018-12-17 წიგნი